Objective Physics/ (Record no. 29425)

MARC details
000 -LEADER
fixed length control field 00741nam a22002057a 4500
008 - FIXED-LENGTH DATA ELEMENTS--GENERAL INFORMATION
fixed length control field 090822t xxu||||| |||| 00| 0 eng d
010 ## - LCCN (DPL NO)
LC control number B-355796
020 ## - INTERNATIONAL STANDARD BOOK NUMBER
International Standard Book Number 8188476048
Terms of availability 650-00
035 ## - SYSTEM CONTROL NUMBER
System control number B-355796
037 ## - SOURCE OF ACQUISITION
Stock number UBH
Source of stock number/acquisition RP/CL/E;18/82/13-08-09/19-08-09/20-08-09
040 ## - CATALOGING SOURCE
Original cataloging agency dpl
Language of cataloging eng
082 ## - DEWEY DECIMAL CLASSIFICATION NUMBER
Classification number 530.076
100 ## - MAIN ENTRY--PERSONAL NAME
Personal name Gupta,Sanjeev
245 ## - TITLE STATEMENT
Title Objective Physics/
Statement of responsibility, etc by Sanjeev Gupta&Santosh Gupta
260 ## - PUBLICATION, DISTRIBUTION, ETC. (IMPRINT)
Place of publication, distribution, etc Meerut
Name of publisher, distributor, etc Jai Prakash Nath publications
Date of publication, distribution, etc 2010
270 ## - ADDRESS
Address Garh Nauchandi Chauraha Garh Road
City Meerut
Postal code 250002
Telephone number 2762403
Fax number 2600013
Electronic mail address jpnpmrt@hotmail.com
300 ## - PHYSICAL DESCRIPTION
Extent 1265pgs
Dimensions 26cm
942 ## - ADDED ENTRY ELEMENTS (KOHA)
Source of classification or shelving scheme Dewey Decimal Classification
Item type English Books
Classification part 530.076
Call number suffix GUP

No items available.


© Delhi Public Library
Hit Counter
free hit counter